000 00462nam a2200157Ia 4500
003 LK-CoDNM
008 010623t2009 xxu||||| |||| 00| 1 eng d
040 _aLK-CoDNM
_dLK-CoDNM
_eLK-CoDNM
041 _aeng
_asin
080 _a930.25ADI
245 _aඅධිලේඛන සහ විදේශ සබඳතා
246 _aAdilekana Saha Videsa Sabadatha
260 _bDepartment of National Archives
_aColombo
_c2009
300 _b122p, 21 cm
942 _cBK
999 _c128452
_d128452